Food safety in the seafood industry

Salvato in:
Dettagli Bibliografici
Autore principale:  Soares, Nuno F
Natura: Sách
Lingua:Undetermined
Pubblicazione:  Wiley  2016
Soggetti:
Tags: Aggiungi Tag
Nessun Tag, puoi essere il primo ad aggiungerne! !
Thư viện lưu trữ: Trung tâm Thư viện - Trường Đại học Công nghiệp TP. Hồ Chí Minh
LEADER 00490nam a2200157Ia 4500
001 UIH_07218
008 231011s9999 xx 000 0 und d
082 |a  363.19 
100 |a  Soares, Nuno F 
245 0 |a  Food safety in the seafood industry 
245 0 |c  Soares, Nuno F 
260 |b  Wiley 
260 |c  2016 
650 |a  Food safety; An toàn thực phẩm;  
927 |a Sách 
980 |a Trung tâm Thư viện - Trường Đại học Công nghiệp TP. Hồ Chí Minh